Modelo de reabastecimiento, preparación de productos ferreteros plomería, herrajes y eléctricos-Redes en Tiendas SINSA Matagalpa

Presenta un diseño de un modelo reabastecimiento, reposición de inventarios y preparación de los productos ferreteros que corresponden a Plomería, Herrajes y Eléctricos- Redes en tiendas SINSA Matagalpa. Se realizó un diagnóstico del modelo de reabastecimiento y una propuesta de mejora en el...

Full description

Bibliographic Details
Main Authors: Cuadra Herrera, Walter René, Pereira Chévez, Víctor Hugo
Other Authors: Tutor: Escobar Icabalceta, Marvin
Format: Tesis Section = Libro
Language:Undetermined
Spanish
Published: Managua UNI 2017
Subjects:
LEADER 01412nam a2200289Ia 4500
008 240830s9999 xx 000 0 und d
040 |a BIBLIOTECA-RUSB/ M.Mon 658.72 C961 
041 |a spa 
082 |a M.Mon 658.72 C961 
100 1 |a Cuadra Herrera, Walter René 
100 1 |b Pereira Chévez, Víctor Hugo 
245 1 0 |a Modelo de reabastecimiento, preparación de productos ferreteros plomería, herrajes y eléctricos-Redes en Tiendas SINSA Matagalpa 
260 |a Managua  |b UNI  |c 2017 
300 |a 135 p. :il. 
500 |a Contiene: anexos e Incluye: CD. 
502 |a Tesis (Máster en Gestión Empresarial) - UNI, 2017. 
520 3 |a Presenta un diseño de un modelo reabastecimiento, reposición de inventarios y preparación de los productos ferreteros que corresponden a Plomería, Herrajes y Eléctricos- Redes en tiendas SINSA Matagalpa. Se realizó un diagnóstico del modelo de reabastecimiento y una propuesta de mejora en el modelo. La investigación contiene un plan de acción para el mejoramiento del sistema de reabastecimiento en tiendas SINSA Nicaragua. 
650 7 |a REABASTECIMIENTO-(INVENTARIO) 
650 7 |b  PRODUCTOS FERRETEROS 
650 7 |c  MERCADERIA 
650 7 |d  CONTROL DE INVENTARIO 
650 7 |e  GESTION DE INVENTARIO 
650 7 |f  BASES DE DATOS 
700 1 |a Tutor:  |b Escobar Icabalceta, Marvin 
942 |c BK  |2 ddc 
991 |a TESIS 
999 |c 19496